000 00576cam a2200205 4500500
005 20260329004320.0
041 _afre
042 _adc
100 1 0 _aPortevin, Catherine
_eauthor
245 0 0 _aLa Plainte
260 _c2019.
500 _a59
690 _aAvital Ronell
690 _aChagrin
690 _aÊtre
690 _aMartin Heidegger
690 _aPlainte
786 0 _nPhilosophie magazine | 129 | 5 | 2019-05-01 | p. 53-53 | 1951-1787
856 4 1 _uhttps://shs.cairn.info/magazine-philosophie-magazine-2019-5-page-53?lang=fr&redirect-ssocas=7080
999 _c1832745
_d1832745